• 首页
  • 本馆介绍
  • 公告通知
  • 最新文献
  • 馆藏检索
  • 电子资源
  • 读者导购
  • 参考咨询
  • 我的图书馆
  • 登录
  • 详细信息显示
  • 放入我的书架
  • 预约/预借图书
  • 作者相关作品
  • 分类相关作品
  • 丛书相关作品
  • 出版社相关作品

书目信息

  • 表格格式
  • 工作单格式
  • 卡片格式
题名:
区位论及区域研究方法
    
 
作者: 陆大道 编著
分册:  
出版信息: 北京   科学出版社  1988.03
页数: 244页
开本: 26cm
丛书名:
单 册:
中图分类: F119.9
科图分类:
主题词: 经济--世界 , 国际经济关系
电子资源:
ISBN: 7-03-000237-7
000 00581nam0 2200205 45
001 0404250870
005 20040425081045.1
010    @a7-03-000237-7@dCNY4.50
100    @a20040425d1988 km y0chiy0120 ea
101 0  @achi
105    @a z 000yy
200 1  @a区位论及区域研究方法@AQu Wei Lun Ji Qu Yu Yan Jiu Fang Fa@f陆大道编著@FLu Da Dao Bian Zhu
210    @a北京@c科学出版社@d1988.03
215    @a244页@d26cm
606 0  @a经济@x世界
606 0  @a国际经济关系
690    @aF119.9@v3
701  0 @a陆大道@4编著
801    @aCN@bTSTCL@c20040425
905    @f1@b216831@dF119.9@e54
    
    区位论及区域研究方法/陆大道编著.-北京:科学出版社,1988.03
    244页;26cm
    
    
    ISBN 7-03-000237-7:CNY4.50
    
●
相关链接 在E读中查询图书 在五车中查询图书 在当当中查询图书 在豆瓣中查询图书


正题名:区位论及区域研究方法     索取号:F119.9/54         预约/预借

序号 登录号 条形码 馆藏地/架位号 状态 备注
1 0216831   000196843   密集书库/ [索取号:F119.9/54] 在馆    
2 0216832   000196889   第一样本阅览室/ [索取号:F119.9/54] 在馆    
唐山师范学院图书馆 欢迎您!
大连网信软件有限公司© 版权所有